| 000 | 00376nam a22001457a 4500 | ||
|---|---|---|---|
| 020 | _a1820321197 | ||
| 082 |
_222 _a629.8 |
||
| 100 | _aGoodwin, Graham C ...[et al.]. | ||
| 245 | _aControl system design / | ||
| 260 |
_aNew Delhi, _bPrentice Hall, _cc2006. |
||
| 300 |
_axx, 908 p. ; _bill. ; |
||
| 700 | _aGraebe, Stefan F. | ||
| 700 | _aSalgado, Mario E. | ||
| 942 |
_2ddc _cEE _04 |
||
| 999 |
_c3728 _d3728 |
||